00461nam a2200169Ia 4500003000900000008004100009040001600050080001600066100001800082245008200100260003000182300001600212650001300228650001900241650001300260650001800273IN-BaIIA211028s9999 xx 000 0 eng d cIIA Library a513.83bBER aBerge, Claude 0aTopological spacescClaude Berge  aNew YorkbMacmillanc1963 axiii, 270p. aGeometry aNASA Thesaurus aTopology aVector Spaces